| 000 | 00616nam a2200157Ia 4500 | ||
|---|---|---|---|
| 003 | Ost | ||
| 005 | 20260507075702.0 | ||
| 008 | 260507s9999||||xx |||||||||||||| ||und|| | ||
| 040 | _cfsecg | ||
| 041 | _aara | ||
| 100 |
_aهيجان، عبد الرحمان بن احمد بن محمد _eمؤلف |
||
| 245 | 0 |
_aضغوط العمل : _bمنهج شامل لدراسة مصادرها و نتائجها و كيفية ادارتها / _c عبد الرحمان بن احمد بن محمد هيجان |
|
| 260 |
_aالرياض: _bمعهد الادارة العامة, _c1998 |
||
| 300 | _a469 صفحة؛ | ||
| 942 | _cكتاب | ||
| 999 |
_c45848 _d45848 |
||